DENTOFACIAL DEFORMITIES : INTEGRATED ORTHODONTICS (Record no. 4872)
[ view plain ]
| 000 -LEADER | |
|---|---|
| fixed length control field | 00345nam a2200133Ia 4500 |
| 008 - FIXED-LENGTH DATA ELEMENTS--GENERAL INFORMATION | |
| fixed length control field | 150201s2014 xx 000 0 und d |
| 082 ## - DEWEY DECIMAL CLASSIFICATION NUMBER | |
| Classification number | 617.643 |
| Item number | D2011 |
| 100 ## - MAIN ENTRY--PERSONAL NAME | |
| Personal name | EPKER ,BRUCE.N. |
| 245 ## - TITLE STATEMENT | |
| Title | DENTOFACIAL DEFORMITIES : INTEGRATED ORTHODONTICS |
| 250 ## - EDITION STATEMENT | |
| Edition statement | 1ST |
| 260 ## - PUBLICATION, DISTRIBUTION, ETC. (IMPRINT) | |
| Name of publisher, distributor, etc. | ELSEVIER PUBLICATION |
| 650 ## - SUBJECT ADDED ENTRY--TOPICAL TERM | |
| Topical term or geographic name as entry element | ORTHODONTICS |
| 942 ## - ADDED ENTRY ELEMENTS (KOHA) | |
| Source of classification or shelving scheme | Dewey Decimal Classification |
| Koha item type | Books |
| Withdrawn status | Lost status | Source of classification or shelving scheme | Damaged status | Not for loan | Home library | Current library | Date acquired | Serial Enumeration / chronology | SGTU | Total Checkouts | Full call number | Barcode | Date last seen | Bill Date | Koha item type | Checked out | Date last checked out |
|---|---|---|---|---|---|---|---|---|---|---|---|---|---|---|---|---|---|
| Dewey Decimal Classification | SGT Dental Library | SGT Dental Library | 07/09/2014 | 3 | SGTU | 617.643 D2011 | FD7069 | 09/02/2015 | 09/02/2015 | Books | |||||||
| Dewey Decimal Classification | SGT Dental Library | SGT Dental Library | 07/09/2014 | 4 | SGTU | 1 | 617.643 D2013E | FD7070 | 01/06/2026 | 09/02/2015 | Books | 15/06/2026 | 01/06/2026 |